Can you name these spaceships from movies? Quiz Stats

 Plays Quiz not verified by Sporcle

Challenge
Share
Tweet
Embed
Score 0/20 Timer 07:00
0 Plays Today
Movie/Character's ship Spaceship % Correct
Captain Kirk's spaceship from Star TrekUSS Enterprise
91.6%
Han Solo's ship from Star Wars IV, V, VIMillenium Falcon
89.2%
Ripley's ship (Alien)Nostromo
60.2%
Event HorizonEvent Horizon
33.7%
Boba Fett's ship (Empire Strikes Back)Slave one
33.7%
Spaceship from Hitchhiker's guide to the galaxyHeart of gold
28.9%
Dark Helmet's ship from SpaceballsSpaceball one
24.1%
Spaceship from Wall-EAxiom
20.5%
Ripley's ship (Aliens)USS Sulaco
13.3%
Spaceship from 2001: A Space OdysseyDiscovery one
13.3%
Movie/Character's ship Spaceship % Correct
Galaxy Questprotector
12%
One of the spaceships from ArmageddonFreedom
12%
Klingon ship (Star Trek IV)HMS Bounty
10.8%
One of the spaceships from ArmageddonIndependence
7.2%
Spaceship from the Last StarfighterGunstar
6%
Spaceship from AvatarISV venture star
3.6%
Pitch Black spaceshipHunter-Gratzner
2.4%
Spaceship from the Last NavigatorMax
1.2%
PandorumElysian
0%
Treasure PlanetRLS legacy
0%

You're not logged in!

Compare scores with friends on all Sporcle quizzes.
Join for Free
OR
Log In

You Might Also Like...

Show Comments

Extras

Top Quizzes Today


Score Distribution

Your Account Isn't Verified!

In order to create a playlist on Sporcle, you need to verify the email address you used during registration. Go to your Sporcle Settings to finish the process.

Report this User

Report this user for behavior that violates our Community Guidelines.

Details: